Languages Being Sung in 2017 Eurovision Song Contest - Statistics

General Stats
  • This quiz has been taken 287 times
    279 since last reset
  • The average score is 6 of 8
Answer Stats
Answer % Correct
English
98%
French
97%
Italian
89%
Spanish
87%
Portuguese
81%
Hungarian
60%
Belarusian
45%
Romani
45%
No matching quizzes found
Score Distribution
Percent of People with Each Score
Percentile by Number Answered
Your Score History
You have not taken this quiz since the last reset